| 000 | 00426nam a2200157Ia 4500 | ||
|---|---|---|---|
| 008 | 221030s9999 xx 000 0 und d | ||
| 020 | _a0070990069 | ||
| 041 | _aEnglish | ||
| 082 |
_a105.23 _bAyr |
||
| 100 | _a(PR) Arya | ||
| 245 | 0 |
_aSchaum`s Outline of Theory & Problems of Differential Equations (PR) _cby (PR) Arya |
|
| 260 |
_bMcGraw-Hill Pub. _aDelhi _c1972 |
||
| 300 | _a295 | ||
| 650 | _aBE Mathematics | ||
| 942 | _cBK | ||
| 999 |
_c1836 _d1836 |
||